[Event "Reykjavik ISL-ch op"]
[Site "Reykjavik"]
[Date "2020.08.28"]
[Round "7"]
[White "Eliasson, Kristjan Orn"]
[Black "Baldursson, Haraldur"]
[Result "0-1"]
[WhiteElo "1754"]
[BlackElo "1892"]
[PlyCount "94"]
[EventDate "2020.08.22"]
[EventType "swiss"]
[EventRounds "9"]
[EventCountry "ISL"]
[SourceTitle "CBM 198 Extra"]
[Source "ChessBase"]
[SourceDate "2020.11.30"]
[SourceVersion "1"]
[SourceVersionDate "2020.11.30"]
[SourceQuality "1"]

1. e4 c5 2. Nf3 d6 3. d4 cxd4 4. Nxd4 Nf6 5. Nc3 a6 6. Be3 e6 7. h3 Be7 8. Qd2 Qc7 9. Bd3 Nbd7 10. f4 b5 11. a3 Bb7 12. Nb3 Nc5 13. Nxc5 dxc5 14. e5 Nd5 15. Nxd5 Bxd5 16. Qf2 c4 17. Be2 0-0 18. 0-0 Rac8 19. Bf3 Rfd8 20. Rfd1 Qc6 21. Bg4 Be4 22. c3 Rd3 23. Rxd3 cxd3 24. Rd1 g6 25. Bf3 a5 26. Bxe4 Qxe4 27. Qf3 Qc4 28. Bd4 Qb3 29. Rd2 b4 30. Qb7 Re8 31. Qd7 Kf8 32. cxb4 axb4 33. Qb5 Rc8 34. Rxd3 Qc2 35. Be3 Qb1+ 36. Kh2 bxa3 37. Qb7 a2 38. Qxc8+ Kg7 39. Rd8 a1Q 40. Rg8+ Kh6 41. f5+ Kh5 42. g4+ Kh4 43. Bf2+ Kg5 44. h4+ Kxg4 45. Qc4+ Kxf5 46. Qe2 Qe4 47. Qd2 Qg4 0-1

[Event "Reykjavik Taflfelag op"]
[Site "Reykjavik"]
[Date "2019.10.16"]
[Round "1"]
[White "Baldursson, Haraldur"]
[Black "Sigfusson, Ottar Orn Bergmann"]
[Result "1-0"]
[WhiteElo "1929"]
[BlackElo "1444"]
[PlyCount "43"]
[EventDate "2019.10.16"]
[EventType "swiss"]
[EventRounds "7"]
[EventCountry "ISL"]
[SourceTitle "CBM 193 Extra"]
[Source "ChessBase"]
[SourceDate "2020.01.31"]
[SourceVersion "1"]
[SourceVersionDate "2020.01.31"]
[SourceQuality "1"]

1. d4 Nf6 2. Nf3 e6 3. c4 d5 4. Nc3 Bb4 5. a3 Bxc3+ 6. bxc3 0-0 7. e3 Nc6 8. Qc2 b6 9. Bd3 Ba6 10. cxd5 Bxd3 11. Qxd3 exd5 12. 0-0 Na5 13. Ne5 Re8 14. a4 Nd7 15. f4 f6 16. Nf3 Nc4 17. Nh4 Re4 18. Nf5 Qe8 19. Rf3 Qg6 20. Nxg7 Kf8 21. Rg3 Qf7 22. f5 1-0

[Event "ISL-chT1 1920"]
[Site "Reykjavik"]
[Date "2019.10.05"]
[Round "3.3"]
[White "Arnalds, Stefan"]
[Black "Baldursson, Haraldur"]
[Result "0-1"]
[WhiteElo "1924"]
[BlackElo "1929"]
[PlyCount "108"]
[EventDate "2019.10.03"]
[EventType "team-tourn"]
[EventRounds "9"]
[EventCountry "ISL"]
[SourceTitle "CBM 195 Extra"]
[Source "ChessBase"]
[SourceDate "2020.05.31"]
[SourceVersion "1"]
[SourceVersionDate "2020.05.31"]
[SourceQuality "1"]
[WhiteTeam "Breidjablik Bolungarvik"]
[BlackTeam "Vikingaklubburinn II"]
[WhiteTeamCountry "ISL"]
[BlackTeamCountry "ISL"]

1. d4 Nf6 2. Nf3 d5 3. g3 e6 4. Bg2 Bd6 5. 0-0 Nbd7 6. b3 c6 7. c4 b6 8. Bb2 Bb7 9. Nbd2 0-0 10. Ne5 Rc8 11. Rc1 c5 12. Nxd7 Qxd7 13. cxd5 Nxd5 14. Nc4 Be7 15. dxc5 Rxc5 16. Qd3 Rfc8 17. Rfd1 Qe8 18. Ba3 R5c7 19. Bd6 Rc6 20. Bxe7 Qxe7 21. Qd2 b5 22. Na5 Rxc1 23. Rxc1 Rxc1+ 24. Qxc1 g6 25. Nxb7 Qxb7 26. Qc5 a6 27. h4 Qc7 28. Qd4 Qc3 29. Qd1 Nb4 30. a4 Nc2 31. axb5 axb5 32. h5 Qa1 33. Qxa1 Nxa1 34. b4 Nc2 35. Bc6 Nd4 36. Bd7 Nxe2+ 37. Kf1 Nd4 38. hxg6 hxg6 39. Ke1 Kf8 40. Kd2 Ke7 41. Bc8 Kd6 42. Kd3 e5 43. f4 Nc6 44. fxe5+ Kxe5 45. Bd7 Kd6 46. Be8 Nxb4+ 47. Ke4 f5+ 48. Kf3 Nc6 49. Bxg6 Ne5+ 50. Kf4 Nxg6+ 51. Kxf5 b4 52. Ke4 Kc5 53. Kd3 Ne5+ 54. Kc2 Kc4 0-1

[Event "ISL-chT2 1819"]
[Site "Reykjavik"]
[Date "2018.11.10"]
[Round "3.3"]
[White "Baldursson, Haraldur"]
[Black "Hauksson, Hordur Aron"]
[Result "0-1"]
[WhiteElo "1984"]
[BlackElo "1829"]
[PlyCount "100"]
[EventDate "2018.11.09"]
[EventType "team-tourn"]
[EventRounds "7"]
[EventCountry "ISL"]
[SourceTitle "CBM 187 Extra"]
[Source "ChessBase"]
[SourceDate "2018.11.04"]
[SourceVersion "1"]
[SourceVersionDate "2018.11.04"]
[SourceQuality "1"]
[WhiteTeam "Vikingaklubburinn II"]
[BlackTeam "Skakdeild Fjolnis II"]
[WhiteTeamCountry "ISL"]
[BlackTeamCountry "ISL"]

1. d4 Nf6 2. Nf3 e6 3. c4 b6 4. Nc3 Bb4 5. e3 Bb7 6. Bd3 0-0 7. Qc2 c5 8. dxc5 bxc5 9. Bd2 d6 10. 0-0 Nbd7 11. e4 h6 12. a3 Bxc3 13. Bxc3 e5 14. b4 Qc7 15. b5 Rfe8 16. a4 Nf8 17. a5 Ne6 18. a6 Bc8 19. Nh4 g6 20. f4 Nd4 21. Bxd4 cxd4 22. fxe5 Ng4 23. Qe2 dxe5 24. h3 Ne3 25. Rf6 Kg7 26. Qf3 Qe7 27. Rc6 Qxh4 28. c5 Re6 29. Rxe6 Bxe6 30. b6 Bd7 31. Rb1 Qe7 32. Rc1 Bc6 33. b7 Rb8 34. Qg3 Kf8 35. Kh2 Qg5 36. Qxg5 hxg5 37. Kg3 Ke7 38. Kf3 Kd7 39. Rb1 f5 40. g3 Kc7 41. g4 Rf8 42. Ke2 fxe4 43. Bb5 Bxb5+ 44. Rxb5 Nd5 45. Kd2 Nc3 46. Rb4 e3+ 47. Kc2 e2 48. Kd2 Rd8 49. c6 e4 50. h4 e3+ 0-1

[Event "Reykjavik Taflfelag op"]
[Site "Reykjavik"]
[Date "2018.10.31"]
[Round "3"]
[White "Baldursson, Haraldur"]
[Black "Hjaltason, Thorarinn"]
[Result "1-0"]
[WhiteElo "1984"]
[BlackElo "1366"]
[PlyCount "45"]
[EventDate "2018.10.17"]
[EventType "swiss"]
[EventRounds "7"]
[EventCountry "ISL"]
[SourceTitle "CBM 187 Extra"]
[Source "ChessBase"]
[SourceDate "2018.11.04"]
[SourceVersion "1"]
[SourceVersionDate "2018.11.04"]
[SourceQuality "1"]

1. d4 f5 2. c4 Nf6 3. Nc3 e6 4. g3 Be7 5. Bg2 0-0 6. e3 c6 7. Nge2 d5 8. b3 Nbd7 9. Nf4 Bb4 10. Bd2 Qe8 11. a3 Bxc3 12. Bxc3 Ne4 13. Bb2 Rb8 14. Rc1 g5 15. Nd3 g4 16. h3 Qg6 17. Nf4 Qf7 18. hxg4 Kh8 19. Bxe4 dxe4 20. g5 Kg8 21. Rh6 Qe7 22. Qh5 Rf7 23. Rxe6 1-0

[Event "Reykjavik Icelandic op"]
[Site "Reykjavik"]
[Date "2018.06.09"]
[Round "10"]
[White "Baldursson, Haraldur"]
[Black "Apol, Luitjen Akselsson"]
[Result "1/2-1/2"]
[WhiteElo "1981"]
[BlackElo "1697"]
[PlyCount "189"]
[EventDate "2018.06.01"]
[EventType "swiss"]
[EventRounds "10"]
[EventCountry "ISL"]
[SourceTitle "CBM 184 Extra"]
[Source "ChessBase"]
[SourceDate "2018.06.28"]
[SourceVersion "1"]
[SourceVersionDate "2018.06.28"]
[SourceQuality "1"]

1. d4 Nf6 2. Nf3 g6 3. Nc3 d5 4. Bf4 Bg7 5. e3 0-0 6. h3 c5 7. Be2 cxd4 8. exd4 Nc6 9. 0-0 Qb6 10. Rb1 e6 11. Bd6 Re8 12. Nb5 Qd8 13. Bc7 Qe7 14. Bd6 Qd8 15. Bh2 Re7 16. c4 dxc4 17. Ne5 Qb6 18. a4 a6 19. Nxc4 Qd8 20. Nbd6 Ne8 21. Nxe8 Rxe8 22. Nd6 Re7 23. d5 exd5 24. Qxd5 Rxe2 25. Qxf7+ Kh8 26. Rfe1 Qe7 27. Rxe2 Qxe2 28. Bf4 Qe6 29. Qc7 Qe7 30. Qxe7 Nxe7 31. Re1 Bf8 32. Bg5 Nf5 33. Re8 Nxd6 34. Rxf8+ Kg7 35. Rf3 Bf5 36. Rb3 b5 37. a5 Nc4 38. g4 Be4 39. f3 Bc6 40. f4 Re8 41. f5 Re2 42. f6+ Kf7 43. Rd3 Re5 44. h4 Rd5 45. Rc3 h6 46. Bxh6 Kxf6 47. b4 Rd4 48. Rg3 Be4 49. h5 g5 50. Bf8 Rd3 51. Kf2 Rxg3 52. Kxg3 Ne5 53. Bd6 Bc2 54. Bf8 Nd3 55. Bd6 Bd1 56. Bc7 Nxb4 57. Bd8+ Kg7 58. Bxg5 Nd3 59. Be3 b4 60. Kh4 b3 61. Bd4+ Kh7 62. g5 b2 63. g6+ Kg8 64. h6 b1Q 65. h7+ Kf8 66. g7+ Ke7 67. h8Q Bb3 68. Bf6+ Kd7 69. Qd8+ Kc6 70. Qb6+ Kd7 71. Qd8+ Kc6 72. Qc8+ Kb5 73. Qf5+ Ka4 74. Qg4+ Ka3 75. Be7+ Ka2 76. Qg2+ Nb2 77. g8Q Bxg8 78. Qxg8+ Ka1 79. Qg5 Qh1+ 80. Kg4 Qg2+ 81. Kh5 Qxg5+ 82. Kxg5 Nc4 83. Bd8 Kb2 84. Kf4 Kc3 85. Ke4 Kb4 86. Kd4 Nxa5 87. Bxa5+ Kxa5 88. Kc3 Ka4 89. Kb2 Kb4 90. Ka2 a5 91. Kb2 a4 92. Ka2 a3 93. Ka1 Kb3 94. Kb1 a2+ 95. Ka1 1/2-1/2

[Event "Reykjavik Icelandic op"]
[Site "Reykjavik"]
[Date "2018.06.07"]
[Round "8"]
[White "Baldursson, Haraldur"]
[Black "Johannsson, Birkir Isak"]
[Result "1/2-1/2"]
[WhiteElo "1981"]
[BlackElo "1929"]
[PlyCount "102"]
[EventDate "2018.06.01"]
[EventType "swiss"]
[EventRounds "10"]
[EventCountry "ISL"]
[SourceTitle "CBM 184 Extra"]
[Source "ChessBase"]
[SourceDate "2018.06.28"]
[SourceVersion "1"]
[SourceVersionDate "2018.06.28"]
[SourceQuality "1"]

1. d4 d5 2. Nf3 Nf6 3. Bf4 c5 4. e3 Nc6 5. c3 Qb6 6. b3 Bf5 7. Bd3 Bxd3 8. Qxd3 e6 9. Nbd2 Be7 10. 0-0 0-0 11. h3 Rfd8 12. Ne5 Rac8 13. Ndf3 Qa5 14. Ng5 Nxe5 15. dxe5 Ne4 16. Nxe4 dxe4 17. Qxe4 Rc7 18. c4 Rd2 19. a3 a6 20. Qf3 Rcd7 21. Rad1 Bf8 22. Rxd2 Qxd2 23. e4 Qc2 24. Rc1 Qb2 25. a4 Rd4 26. Rd1 Qc2 27. Rc1 Qxe4 28. Qxe4 Rxe4 29. Bg3 Rd4 30. Rc3 Rd1+ 31. Kh2 Be7 32. Bf4 Kf8 33. Kg3 Ke8 34. Kf3 Kd7 35. Ke2 Rb1 36. Kd3 Rg1 37. g3 g5 38. Rc1 Rg2 39. Be3 Rh2 40. h4 gxh4 41. gxh4 Bxh4 42. Bxc5 Bxf2 43. Bxf2 Rxf2 44. Rh1 Rf3+ 45. Kc2 Ke7 46. Rxh7 Rf5 47. Rh8 Rxe5 48. Rb8 b5 49. Rb7+ Kf6 50. axb5 axb5 51. cxb5 Rc5+ 1/2-1/2

[Event "Reykjavik Icelandic op"]
[Site "Reykjavik"]
[Date "2018.06.05"]
[Round "6"]
[White "Baldursson, Haraldur"]
[Black "Bjornsson, Sigurbjorn"]
[Result "0-1"]
[WhiteElo "1981"]
[BlackElo "2295"]
[PlyCount "68"]
[EventDate "2018.06.01"]
[EventType "swiss"]
[EventRounds "10"]
[EventCountry "ISL"]
[SourceTitle "CBM 184 Extra"]
[Source "ChessBase"]
[SourceDate "2018.06.28"]
[SourceVersion "1"]
[SourceVersionDate "2018.06.28"]
[SourceQuality "1"]

1. d4 Nf6 2. Nf3 g6 3. Nc3 d5 4. Bf4 Bg7 5. e3 0-0 6. Bd3 Bg4 7. h3 Bxf3 8. Qxf3 c6 9. Ne2 Nbd7 10. g4 Re8 11. Ng3 e5 12. dxe5 Nxe5 13. Bxe5 Rxe5 14. 0-0-0 Qb6 15. c3 Qa5 16. Kb1 b5 17. Qf4 Rae8 18. Bc2 c5 19. g5 Nd7 20. e4 Nb6 21. exd5 Nxd5 22. Qf3 Nb6 23. Ne4 Nc4 24. Nf6+ Bxf6 25. gxf6 Qb6 26. Rd7 R5e6 27. Qd5 Rxf6 28. Rb7 Qd6 29. Qxd6 Nxd6 30. Rxa7 Rxf2 31. Rd1 Ree2 32. Rxd6 Rxc2 33. b3 Rxc3 34. h4 Rh3 0-1

[Event "Reykjavik Icelandic op"]
[Site "Reykjavik"]
[Date "2018.06.01"]
[Round "1"]
[White "Baldursson, Haraldur"]
[Black "Njardarson, Arnar Ingi"]
[Result "1-0"]
[WhiteElo "1981"]
[BlackElo "1392"]
[PlyCount "83"]
[EventDate "2018.06.01"]
[EventType "swiss"]
[EventRounds "10"]
[EventCountry "ISL"]
[SourceTitle "CBM 184 Extra"]
[Source "ChessBase"]
[SourceDate "2018.06.28"]
[SourceVersion "1"]
[SourceVersionDate "2018.06.28"]
[SourceQuality "1"]

1. d4 Nf6 2. Nf3 d6 3. Nc3 g6 4. e4 Bg7 5. Bd3 0-0 6. 0-0 Nbd7 7. e5 Ne8 8. Qe2 c5 9. e6 Nb6 10. dxc5 dxc5 11. exf7+ Rxf7 12. Ng5 Rf6 13. Nce4 Rf5 14. Bc4+ Nxc4 15. Qxc4+ Qd5 16. Qxd5+ Rxd5 17. c4 Re5 18. Bf4 Rf5 19. Be3 Bxb2 20. Rad1 b6 21. Rd8 Bb7 22. Rfd1 Bc6 23. Rxa8 Bxa8 24. Rd7 Bf6 25. Nxf6+ Rxf6 26. Rxe7 Nd6 27. Rxa7 Bc6 28. Nxh7 Re6 29. Ng5 Rf6 30. Ra6 Nxc4 31. a4 Nxe3 32. fxe3 Bd5 33. e4 Bc4 34. Ra8+ Kg7 35. h4 Be6 36. e5 Rf5 37. Nxe6+ Kf7 38. Ng5+ Ke7 39. Ra7+ Kf8 40. e6 c4 41. e7+ Ke8 42. Ne4 1-0

[Event "Reykjavik Faxaven op"]
[Site "Reykjavik"]
[Date "2018.05.02"]
[Round "7"]
[White "Ragnarsson, Johann Hjortur"]
[Black "Baldursson, Haraldur"]
[Result "1/2-1/2"]
[WhiteElo "1985"]
[BlackElo "1949"]
[PlyCount "97"]
[EventDate "2018.03.21"]
[EventType "swiss"]
[EventRounds "7"]
[EventCountry "ISL"]
[SourceTitle "EXT 2019"]
[Source "ChessBase"]
[SourceDate "2018.10.10"]
[SourceVersion "1"]
[SourceVersionDate "2018.10.10"]
[SourceQuality "1"]

1. d4 Nf6 2. c4 e6 3. Nc3 d5 4. cxd5 exd5 5. Bg5 Nbd7 6. e3 Be7 7. Bd3 c6 8. Qc2 0-0 9. Nge2 Re8 10. 0-0 Nf8 11. f3 N6d7 12. Bf4 Bg5 13. Bxg5 Qxg5 14. e4 dxe4 15. fxe4 Nf6 16. Rf3 Ng4 17. Ng3 Ne6 18. Nce2 Qh4 19. Nf1 Rd8 20. h3 Ng5 21. Rf4 Nxh3+ 22. gxh3 Qxh3 23. Qb3 Qh5 24. Bc4 Nf6 25. e5 Nd5 26. Bxd5 Rxd5 27. Qf3 Qg6+ 28. Qg2 Qxg2+ 29. Kxg2 Be6 30. Ne3 Rb5 31. b3 h5 32. Nc3 Rb4 33. Nc2 Rb6 34. Ne4 Bd5 35. Kf2 a5 36. Rg1 a4 37. Nf6+ Kh8 38. Nxd5 cxd5 39. Ne3 axb3 40. Nxd5 Rxa2+ 41. Ke3 Rg6 42. Rxg6 fxg6 43. e6 b2 44. e7 b1Q 45. e8Q+ Kh7 46. Nf6+ gxf6 47. Qf7+ Kh6 48. Qf8+ Kh7 49. Qf7+ 1/2-1/2

[Event "Reykjavik Congress"]
[Site "Reykjavik"]
[Date "2018.02.07"]
[Round "9"]
[White "Valdimarsson, Einar"]
[Black "Baldursson, Haraldur"]
[Result "1-0"]
[WhiteElo "2023"]
[BlackElo "1942"]
[PlyCount "37"]
[EventDate "2018.01.10"]
[EventType "swiss"]
[EventRounds "9"]
[EventCountry "ISL"]
[SourceTitle "CBM 182 Extra"]
[Source "ChessBase"]
[SourceDate "2018.02.23"]
[SourceVersion "1"]
[SourceVersionDate "2018.02.23"]
[SourceQuality "1"]

1. d4 Nf6 2. Bf4 d5 3. Nd2 e6 4. e3 Bd6 5. Bg3 c5 6. c3 Nc6 7. Ngf3 Qe7 8. Ne5 0-0 9. Bd3 h6 10. 0-0 Qc7 11. f4 Nd7 12. Qh5 f5 13. Bh4 Nf6 14. Bxf6 Rxf6 15. g4 fxg4 16. Nxg4 Rf8 17. Qg6 Rf5 18. Bxf5 exf5 19. Nf6+ 1-0

[Event "Reykjavik Congress"]
[Site "Reykjavik"]
[Date "2018.02.04"]
[Round "8"]
[White "Baldursson, Haraldur"]
[Black "Jonsson, Gauti Pall"]
[Result "1-0"]
[WhiteElo "1942"]
[BlackElo "2161"]
[PlyCount "75"]
[EventDate "2018.01.10"]
[EventType "swiss"]
[EventRounds "9"]
[EventCountry "ISL"]
[SourceTitle "CBM 182 Extra"]
[Source "ChessBase"]
[SourceDate "2018.02.23"]
[SourceVersion "1"]
[SourceVersionDate "2018.02.23"]
[SourceQuality "1"]

1. d4 e6 2. Nf3 f5 3. c4 Nf6 4. Nc3 Bb4 5. a3 Bxc3+ 6. bxc3 0-0 7. Qc2 d6 8. a4 Nc6 9. e3 e5 10. Be2 Qe8 11. d5 Na5 12. Ba3 b6 13. Bb4 Nb7 14. a5 Qg6 15. 0-0 Qh6 16. Ra3 Ng4 17. h3 Nf6 18. Rfa1 bxa5 19. Bxa5 Nxa5 20. Rxa5 g5 21. Nh2 g4 22. hxg4 fxg4 23. g3 a6 24. e4 Qg5 25. c5 h5 26. Bxa6 h4 27. Bxc8 Raxc8 28. Qe2 hxg3 29. fxg3 Qg6 30. R5a4 c6 31. cxd6 cxd5 32. exd5 Rxc3 33. Qxe5 Rc2 34. Rf4 Qh7 35. Nxg4 Nd7 36. Qg5+ Kh8 37. Rxf8+ Nxf8 38. Qf6+ 1-0

[Event "Reykjavik Congress"]
[Site "Reykjavik"]
[Date "2018.01.24"]
[Round "5"]
[White "Jonsson, Sveinbjorn"]
[Black "Baldursson, Haraldur"]
[Result "0-1"]
[WhiteElo "1667"]
[BlackElo "1942"]
[PlyCount "73"]
[EventDate "2018.01.10"]
[EventType "swiss"]
[EventRounds "9"]
[EventCountry "ISL"]
[SourceTitle "CBM 182 Extra"]
[Source "ChessBase"]
[SourceDate "2018.02.23"]
[SourceVersion "1"]
[SourceVersionDate "2018.02.23"]
[SourceQuality "1"]

1. c4 e5 2. Nc3 Nf6 3. e4 Bc5 4. Be2 Nc6 5. d3 h6 6. a3 a5 7. Be3 Nd4 8. Nf3 d6 9. Bxd4 exd4 10. Nb5 c6 11. Nbxd4 Qb6 12. Qb3 Bxd4 13. Nxd4 Qxd4 14. 0-0 0-0 15. Qc2 Be6 16. Rad1 a4 17. Rd2 Ra6 18. Kh1 Nd7 19. f4 f5 20. h3 Nc5 21. Rdd1 Rb6 22. Qc3 Qxc3 23. bxc3 fxe4 24. d4 Nd3 25. Bxd3 exd3 26. d5 cxd5 27. Rfe1 Bf5 28. cxd5 h5 29. g4 hxg4 30. hxg4 Bxg4 31. Rxd3 Rxf4 32. Rde3 Rb2 33. Rg3 Bf3+ 34. Kg1 Bxd5 35. c4 Bc6 36. Rxg7+ Kxg7 37. Re7+ 0-1

[Event "Reykjavik TR U2000 op"]
[Site "Reykjavik"]
[Date "2017.11.01"]
[Round "4"]
[White "Baldursson, Haraldur"]
[Black "Larusson, Agnar Darri"]
[Result "1-0"]
[WhiteElo "1935"]
[BlackElo "1750"]
[PlyCount "67"]
[EventDate "2017.10.11"]
[EventType "swiss"]
[EventRounds "7"]
[EventCountry "ISL"]
[SourceTitle "CBM 181 Extra"]
[Source "ChessBase"]
[SourceDate "2017.12.12"]
[SourceVersion "1"]
[SourceVersionDate "2017.12.12"]
[SourceQuality "1"]

1. d4 Nf6 2. Nf3 g6 3. Nc3 d5 4. Bf4 Bg7 5. e3 Bf5 6. h3 0-0 7. Be2 Nbd7 8. Ne5 c6 9. g4 Be6 10. h4 Ne4 11. Nxe4 dxe4 12. Nxd7 Qxd7 13. h5 Rfd8 14. c4 b5 15. c5 a5 16. g5 Bf5 17. Rh4 a4 18. Bg4 e5 19. dxe5 Qe7 20. Qc2 h6 21. hxg6 hxg5 22. gxf7+ Kxf7 23. Bxf5 gxh4 24. Qxe4 Rd5 25. e6+ Kg8 26. Bd6 Qf6 27. Bh7+ Kh8 28. e7 Qxb2 29. Qxh4 Qxa1+ 30. Bb1+ Kg8 31. Qh7+ Kf7 32. Qg6+ Kg8 33. e8Q+ Rxe8 34. Qxe8+ 1-0

[Event "Reykjavik TR U2000 op"]
[Site "Reykjavik"]
[Date "2017.10.11"]
[Round "1"]
[White "Heidarsson, Arnar Milutin"]
[Black "Baldursson, Haraldur"]
[Result "0-1"]
[WhiteElo "1498"]
[BlackElo "1935"]
[PlyCount "88"]
[EventDate "2017.10.11"]
[EventType "swiss"]
[EventRounds "7"]
[EventCountry "ISL"]
[SourceTitle "CBM 181 Extra"]
[Source "ChessBase"]
[SourceDate "2017.12.12"]
[SourceVersion "1"]
[SourceVersionDate "2017.12.12"]
[SourceQuality "1"]

1. d4 Nf6 2. Bf4 e6 3. e3 d5 4. c3 Bd6 5. Bg3 c6 6. Bxd6 Qxd6 7. Nf3 Nbd7 8. Nbd2 0-0 9. Bd3 b6 10. 0-0 Bb7 11. e4 dxe4 12. Nxe4 Nxe4 13. Bxe4 Nf6 14. Bc2 c5 15. dxc5 Qxc5 16. Qe2 Rfd8 17. Rad1 Qh5 18. Nd4 Qxe2 19. Nxe2 Ba6 20. Rfe1 Rxd1 21. Bxd1 Rd8 22. Nd4 Kf8 23. Be2 Bxe2 24. Rxe2 Nd5 25. Rd2 Rc8 26. a3 g6 27. Rc2 Rc4 28. Ne2 b5 29. b3 Rc7 30. Kf1 Ke7 31. Ke1 a6 32. g3 e5 33. h4 f5 34. Rc1 Ke6 35. Kd1 e4 36. Kd2 Ke5 37. h5 g5 38. Nd4 f4 39. g4 e3+ 40. fxe3 Nxe3 41. Nc2 Nxc2 42. Rxc2 Ke4 43. Ke2 f3+ 44. Kf2 Kf4 0-1

[Event "ISL-chT 1617"]
[Site "Reykjavik"]
[Date "2017.03.04"]
[Round "8.5"]
[White "Jonsson, Gauti Pall"]
[Black "Baldursson, Haraldur"]
[Result "1-0"]
[WhiteElo "2082"]
[BlackElo "1957"]
[PlyCount "63"]
[EventDate "2016.09.29"]
[EventType "team-tourn"]
[EventRounds "9"]
[EventCountry "ISL"]
[SourceTitle "EXT 2018"]
[Source "ChessBase"]
[SourceDate "2017.10.13"]
[SourceVersion "1"]
[SourceVersionDate "2017.10.13"]
[SourceQuality "1"]
[WhiteTeam "Reykjavik II"]
[BlackTeam "Vikingaklubburinn"]
[WhiteTeamCountry "ISL"]
[BlackTeamCountry "ISL"]

1. e4 e5 2. Nf3 Nc6 3. d4 exd4 4. Nxd4 Nf6 5. Nxc6 bxc6 6. e5 Nd5 7. c4 Nb6 8. Bd3 d5 9. exd6 cxd6 10. 0-0 Be7 11. Nc3 0-0 12. Qf3 d5 13. cxd5 cxd5 14. Rd1 Be6 15. Bf4 Qc8 16. h3 Qb7 17. Be5 Nd7 18. Bd4 Bf6 19. Bxf6 Nxf6 20. b3 Rac8 21. Nb5 Ne4 22. Bxe4 dxe4 23. Qe2 Qa6 24. Rd6 Qa5 25. Rad1 g6 26. Nd4 Qe5 27. Nxe6 fxe6 28. R6d4 Rf4 29. g3 Rf6 30. Rxe4 Qf5 31. Rf4 Qg5 32. h4 1-0

[Event "ISL-chT 1617"]
[Site "Reykjavik"]
[Date "2016.10.01"]
[Round "3.3"]
[White "Jonsson, Pall G"]
[Black "Baldursson, Haraldur"]
[Result "1-0"]
[WhiteElo "1810"]
[BlackElo "1957"]
[PlyCount "59"]
[EventDate "2016.09.29"]
[EventType "team-tourn"]
[EventRounds "9"]
[EventCountry "ISL"]
[SourceTitle "EXT 2018"]
[Source "ChessBase"]
[SourceDate "2017.10.13"]
[SourceVersion "1"]
[SourceVersionDate "2017.10.13"]
[SourceQuality "1"]
[WhiteTeam "KR CC"]
[BlackTeam "Vikingaklubburinn"]
[WhiteTeamCountry "ISL"]
[BlackTeamCountry "ISL"]

1. b4 d5 2. Bb2 e6 3. e3 Nf6 4. b5 Be7 5. Nf3 Nbd7 6. a4 c5 7. c4 dxc4 8. Bxc4 Nb6 9. Be2 Nbd5 10. Nc3 Nb4 11. d4 0-0 12. 0-0 cxd4 13. exd4 Nbd5 14. Ne5 Nxc3 15. Bxc3 Nd5 16. Bb2 Bd6 17. Nc4 Bb4 18. Qb3 a5 19. bxa6 bxa6 20. Qg3 a5 21. Ne5 Bb7 22. Bb5 Qd6 23. Qg4 Rac8 24. Nd7 f5 25. Qg5 Nf4 26. Nxf8 Bxg2 27. Qh4 Rxf8 28. f3 Rf6 29. Rfc1 Rg6 30. Rc8+ 1-0